Encuentro : (رقم التسجيلة. 159606)
[ عرض عادي ]
| 000 -LEADER | |
|---|---|
| fixed length control field | 01006nas a2200337 a 4500 |
| 003 - CONTROL NUMBER IDENTIFIER | |
| control field | EG-GICUC |
| 008 - FIXED-LENGTH DATA ELEMENTS--GENERAL INFORMATION | |
| fixed length control field | 080229c1989 au p 000 spa d |
| 022 ## - INTERNATIONAL STANDARD SERIAL NUMBER | |
| International Standard Serial Number | 11307021 |
| 040 ## - CATALOGING SOURCE | |
| Original cataloging agency | EG-GiCUC |
| Language of cataloging | spa |
| Transcribing agency | EG-GiCUC |
| 041 1# - LANGUAGE CODE | |
| Language code of text/sound track or separate title | SPA |
| 043 ## - GEOGRAPHIC AREA CODE | |
| Geographic area code | f-ua--- |
| 082 04 - DEWEY DECIMAL CLASSIFICATION NUMBER | |
| Classification number | 370.1505 |
| Item number | E5627 |
| Edition number | 21 |
| 092 04 - LOCALLY ASSIGNED DEWEY CALL NUMBER (OCLC) | |
| Classification number | 371.1505 |
| Item number | E5627 |
| Edition number | 21 |
| 099 ## - LOCAL FREE-TEXT CALL NUMBER (OCLC) | |
| Classification number | 04 |
| -- | 371.1505 E5627 |
| 210 0# - ABBREVIATED TITLE | |
| Abbreviated title | Encuentro |
| 245 10 - TITLE STATEMENT | |
| Title | Encuentro : |
| Remainder of title | revista de investigacio{u00B4}n e innovacio{u00B4}n en la clase de idiomas. |
| 246 00 - VARYING FORM OF TITLE | |
| Title proper/short title | Encuentro |
| 300 ## - PHYSICAL DESCRIPTION | |
| Extent | v : |
| Other physical details | ill; |
| Dimensions | 24cm |
| 310 ## - CURRENT PUBLICATION FREQUENCY | |
| Current publication frequency | Anual |
| 362 1# - DATES OF PUBLICATION AND/OR SEQUENTIAL DESIGNATION | |
| Dates of publication and/or sequential designation | began with vol.1 for1955 |
| 440 #0 - SERIES STATEMENT/ADDED ENTRY--TITLE | |
| Title | Title; |
| Volume/sequential designation | Volume number |
| 490 1# - SERIES STATEMENT | |
| Series statement | title; |
| Volume/sequential designation | Volume number |
| 500 ## - GENERAL NOTE | |
| General note | description based on :1989 |
| 504 ## - BIBLIOGRAPHY, ETC. NOTE | |
| Bibliography, etc. note | Includes bibliographical references |
| 505 0# - FORMATTED CONTENTS NOTE | |
| Formatted contents note | titel from cover. |
| 546 ## - LANGUAGE NOTE | |
| Language note | spain |
| 650 #0 - SUBJECT ADDED ENTRY--TOPICAL TERM | |
| Topical term or geographic name entry element | Education |
| General subdivision | Philosophy. |
| 905 ## - LOCAL DATA ELEMENT E, LDE (RLIN) | |
| Cataloger | SOZAN |
| Reviser | Cat. |
| 942 ## - ADDED ENTRY ELEMENTS (KOHA) | |
| Source of classification or shelving scheme | Dewey Decimal Classification |
| Koha item type | Books |
| Source of classification or shelving scheme | Not for loan | Home library | Current library | Date acquired | Full call number | Date last seen | Koha item type |
|---|---|---|---|---|---|---|---|
| Dewey Decimal Classification | المكتبة المركزبة الجديدة - جامعة القاهرة | قاعة الثقاقات الاجنبية - الدور الثالث | 11.02.2024 | 371.1505 E5627 | 23.09.2023 | Continuing Resources |